000
00235nam a2200097Ia 4500
001
713335
005
20250826162844.0
008
250824s9999 xx 000 0 und d
245
0
_a
SPİRİTUS
_c
AYNUR BAŞKAN
260
_b
PORTAKAL YAYINLARI
999
_c
713335
_d
713335